[Event "Dhaka Chowdhury Memorial op-B 2nd"]
[Site "Dhaka"]
[Date "2022.07.03"]
[Round "2"]
[White "Mahmood, Nasir Uddin"]
[Black "Abijit, Barua"]
[Result "1-0"]
[WhiteElo "1876"]
[BlackElo "1714"]
[PlyCount "99"]
[EventDate "2022.07.02"]
[EventType "swiss"]
[EventRounds "9"]
[EventCountry "BAN"]
[SourceTitle "EXT 2023"]
[Source "ChessBase"]
[SourceDate "2022.10.05"]
[SourceVersion "1"]
[SourceVersionDate "2022.10.05"]
[SourceQuality "1"]

1. Nc3 e5 2. e4 Nf6 3. Nf3 Nc6 4. Bc4 Bc5 5. a3 a6 6. h3 d6 7. d3 h6 8. Ne2 Ba7 9. Ng3 Ne7 10. c3 Ng6 11. d4 exd4 12. cxd4 0-0 13. 0-0 Re8 14. Bd3 Be6 15. Qc2 Nf8 16. Be3 d5 17. e5 N6d7 18. Rac1 c6 19. Qd2 f6 20. b4 Rc8 21. Nf5 Bxf5 22. Bxf5 Ra8 23. Bf4 fxe5 24. dxe5 Qe7 25. Bg3 Ne6 26. Kh1 Ndf8 27. Bb1 Rad8 28. Nh4 Qg5 29. Qd3 Nf4 30. Qf3 N8e6 31. Nf5 Qh5 32. Qxh5 Nxh5 33. Bh4 Rd7 34. Rcd1 Bb8 35. Rfe1 Nhf4 36. f3 Nf8 37. Bg3 N8g6 38. Bxf4 Nxf4 39. g3 Nxh3 40. Kg2 Ng5 41. f4 Ne6 42. Ne3 Nf8 43. Ng4 h5 44. Nh2 g6 45. Nf3 Kg7 46. Nh4 Rf7 47. Nf3 Rfe7 48. Rh1 Ne6 49. Rh3 Rf8 50. Rdh1 1-0

[Event "Dhaka Chowdhury Memorial op-B 2nd"]
[Site "Dhaka"]
[Date "2022.07.02"]
[Round "1"]
[White "Mahmood, Nasir Uddin"]
[Black "Ipsha, Azad"]
[Result "1-0"]
[WhiteElo "1876"]
[BlackElo "1597"]
[PlyCount "119"]
[EventDate "2022.07.02"]
[EventType "swiss"]
[EventRounds "9"]
[EventCountry "BAN"]
[SourceTitle "EXT 2023"]
[Source "ChessBase"]
[SourceDate "2022.10.05"]
[SourceVersion "1"]
[SourceVersionDate "2022.10.05"]
[SourceQuality "1"]

1. e4 Nc6 2. d4 e5 3. d5 Nce7 4. Nf3 Ng6 5. c4 Bb4+ 6. Nbd2 d6 7. Qa4+ Bd7 8. Qxb4 b6 9. g3 Nf6 10. Be2 a6 11. Qb3 a5 12. a4 0-0 13. 0-0 Bh3 14. Re1 h5 15. Ng5 Qc8 16. Nxh3 Qxh3 17. Bf1 Qd7 18. Bg2 h4 19. Nf1 Nh7 20. Ne3 Ne7 21. Qc2 f5 22. Nxf5 Nxf5 23. exf5 Rxf5 24. Bh3 Raf8 25. Bxf5 Rxf5 26. Ra3 Nf6 27. Qe2 Qf7 28. Rf3 Rh5 29. Bd2 Qg6 30. Rxf6 gxf6 31. g4 f5 32. h3 Rh7 33. Kh2 Rg7 34. Rg1 f4 35. f3 Qc2 36. Rg2 Qxb2 37. Qd3 Qa1 38. Qf5 Qxa4 39. Qe6+ Kh8 40. g5 Qd7 41. Qh6+ Kg8 42. g6 Qa4 43. Qxh4 Qd7 44. Qf6 a4 45. h4 Qe7 46. Qxe7 Rxe7 47. h5 Kg7 48. Kh3 Re8 49. Kg4 Ra8 50. Kg5 a3 51. h6+ Kg8 52. g7 a2 53. Bc3 a1Q 54. Bxa1 Rxa1 55. Kf6 Rh1 56. Kg6 e4 57. fxe4 f3 58. Ra2 Rg1+ 59. Kf6 Rg2 60. Ra8+ 1-0

[Event "BAN-chT 1st League"]
[Site "Dhaka"]
[Date "2022.03.18"]
[Round "9.1"]
[White "Sourath, Biswas"]
[Black "Mahmood, Nasir Uddin"]
[Result "1-0"]
[WhiteElo "2304"]
[BlackElo "1898"]
[PlyCount "53"]
[EventDate "2022.03.10"]
[EventType "team-tourn"]
[EventRounds "11"]
[EventCountry "BAN"]
[SourceTitle "EXT 2023"]
[Source "ChessBase"]
[SourceDate "2022.10.05"]
[SourceVersion "1"]
[SourceVersionDate "2022.10.05"]
[SourceQuality "1"]
[WhiteTeam "Dhaka CC"]
[BlackTeam "Agrani Bank Daba Dal"]
[WhiteTeamCountry "BAN"]
[BlackTeamCountry "BAN"]

1. d4 Nf6 2. Bf4 d5 3. e3 Bf5 4. c4 c6 5. Qb3 Qb6 6. c5 Qxb3 7. axb3 Nbd7 8. b4 a6 9. h3 h6 10. Nd2 e6 11. Nb3 Kd8 12. b5 cxb5 13. Bxb5 Be4 14. Bf1 Be7 15. Na5 Kc8 16. Ne2 Bd3 17. Kd2 Bb5 18. Nc3 Bxf1 19. Rhxf1 Bd8 20. b4 Bc7 21. Bxc7 Kxc7 22. b5 Ne4+ 23. Nxe4 dxe4 24. b6+ Kc8 25. c6 Rb8 26. cxd7+ Kxd7 27. Rac1 1-0

[Event "BAN-chT 1st League"]
[Site "Dhaka"]
[Date "2021.03.04"]
[Round "8.4"]
[White "Md, Sharif Hossain"]
[Black "Mahmood, Nasir Uddin"]
[Result "1-0"]
[WhiteElo "2117"]
[BlackElo "1914"]
[PlyCount "111"]
[EventDate "2021.02.25"]
[EventType "team-tourn"]
[EventRounds "11"]
[EventCountry "BAN"]
[SourceTitle "EXT 2022"]
[Source "ChessBase"]
[SourceDate "2021.10.06"]
[SourceVersion "1"]
[SourceVersionDate "2021.10.06"]
[SourceQuality "1"]
[WhiteTeam "Manha's Castle"]
[BlackTeam "Agrani Bank Daba Dal"]
[WhiteTeamCountry "BAN"]
[BlackTeamCountry "BAN"]

1. e4 e5 2. Nf3 Nc6 3. d4 exd4 4. Nxd4 Nf6 5. Nxc6 bxc6 6. e5 Qe7 7. Qe2 Nd5 8. c4 Ba6 9. h4 Nb6 10. b3 0-0-0 11. a4 d6 12. Bg5 f6 13. exf6 Qf7 14. Qg4+ Nd7 15. Be2 gxf6 16. Be3 Rg8 17. Qf5 d5 18. 0-0 Qg6 19. Qxg6 Rxg6 20. Nd2 c5 21. Rfe1 d4 22. Bf4 Bb7 23. g3 Rg8 24. Bd3 Ne5 25. Bxh7 Rh8 26. Bf5+ Kb8 27. Bxe5 fxe5 28. Rxe5 Bd6 29. Re2 Rdg8 30. Be4 Rxh4 31. Bxb7 Kxb7 32. Kg2 Rh6 33. Rh1 Rhg6 34. Rh3 Kb6 35. Nf3 Ka5 36. Ne5 Bxe5 37. Rxe5 Kb4 38. Rh1 Rg5 39. Rxg5 Rxg5 40. f4 Rf5 41. Rh7 Kxb3 42. Rxc7 Kxc4 43. Rxa7 d3 44. Kf2 Kc3 45. Rd7 c4 46. Ke3 Ra5 47. g4 Rxa4 48. f5 Ra2 49. f6 Re2+ 50. Kf3 Re8 51. f7 Rf8 52. g5 Kd2 53. g6 c3 54. g7 Rxf7+ 55. Rxf7 c2 56. g8Q 1-0

[Event "BAN-chT2"]
[Site "Dhaka"]
[Date "2016.11.06"]
[Round "4.2"]
[White "Hossain, Delwar"]
[Black "Mahmood, Nasir Uddin"]
[Result "1-0"]
[WhiteElo "2125"]
[BlackElo "1974"]
[PlyCount "47"]
[EventDate "2016.11.03"]
[EventType "team-swiss"]
[EventRounds "7"]
[EventCountry "BAN"]
[SourceTitle "CBM 175 Extra"]
[Source "ChessBase"]
[SourceDate "2016.12.12"]
[SourceVersion "1"]
[SourceVersionDate "2016.12.12"]
[SourceQuality "1"]
[WhiteTeam "Janata Bank Officer Welfare"]
[BlackTeam "Gandaria Friends CC"]
[WhiteTeamCountry "BAN"]
[BlackTeamCountry "BAN"]

1. e4 c6 2. d4 d6 3. c4 g6 4. Nc3 Bg7 5. Be3 Nd7 6. f4 e5 7. fxe5 dxe5 8. d5 Ngf6 9. Bd3 0-0 10. Nf3 Nh5 11. 0-0 Nf4 12. Bc2 cxd5 13. Nxd5 Nxd5 14. cxd5 Nf6 15. Nxe5 Nxd5 16. Nxf7 Rxf7 17. Rxf7 Kxf7 18. Bb3 Kg8 19. Bxd5+ Kh8 20. Bd4 Qe7 21. Rc1 h5 22. Qd2 Kh7 23. Bxg7 Qxg7 24. Rf1 1-0